[Event "HUN-chT2 Toth 1617"]
[Site "Hungary"]
[Date "2016.12.11"]
[Round "6.10"]
[White "Bankos, Henrietta"]
[Black "Szajbely, Samuel Janos"]
[Result "0-1"]
[WhiteElo "1796"]
[BlackElo "1687"]
[PlyCount "46"]
[EventDate "2016.09.25"]
[EventType "team-tourn"]
[EventRounds "11"]
[EventCountry "HUN"]
[SourceTitle "EXT 2021"]
[Source "ChessBase"]
[SourceDate "2020.10.23"]
[SourceVersion "1"]
[SourceVersionDate "2020.10.23"]
[SourceQuality "1"]
[WhiteTeam "Felegyhaza Csongrad"]
[BlackTeam "Szeged Maroczy II"]
[WhiteTeamCountry "HUN"]
[BlackTeamCountry "HUN"]

1. e4 c5 2. d4 cxd4 3. c3 d3 4. Bxd3 Nc6 5. Nf3 d6 6. h3 Nf6 7. Bf4 e5 8. Be3 h6 9. Nbd2 Be6 10. 0-0 Be7 11. Nh2 d5 12. exd5 Nxd5 13. Qe2 Qd7 14. Rad1 0-0 15. Bb1 Qc7 16. Ng4 f5 17. Nxh6+ gxh6 18. Bxh6 Rf6 19. Qh5 Bf7 20. Qf3 e4 21. Qg3+ Qxg3 22. fxg3 Rxh6 23. Rxf5 Ne3 0-1

[Event "HUN-chT2 Toth 1516"]
[Site "Hungary"]
[Date "2015.09.26"]
[Round "2.10"]
[White "Bankos, Henrietta"]
[Black "Strifler, Janos"]
[Result "1/2-1/2"]
[WhiteElo "1773"]
[BlackElo "1759"]
[PlyCount "40"]
[EventDate "2015.09.13"]
[EventType "team-tourn"]
[EventRounds "11"]
[EventCountry "HUN"]
[SourceTitle "CBM 170 Extra"]
[Source "ChessBase"]
[SourceDate "2016.02.25"]
[SourceVersion "1"]
[SourceVersionDate "2016.02.25"]
[SourceQuality "1"]
[WhiteTeam "Felegyhaza Csongrad"]
[BlackTeam "Gyula"]
[WhiteTeamCountry "HUN"]
[BlackTeamCountry "HUN"]

1. e4 e5 2. d4 exd4 3. f4 Bb4+ 4. Bd2 Bxd2+ 5. Nxd2 Nc6 6. Ngf3 d6 7. Bc4 h6 8. 0-0 Nf6 9. e5 dxe5 10. fxe5 Nd5 11. Qe2 Be6 12. Bd3 Nf4 13. Qe4 Nxd3 14. Qxd3 0-0 15. Rad1 a6 16. Nb3 Nb4 17. Qe4 Nc6 18. Nbxd4 Nxd4 19. Rxd4 Qc8 20. h3 c6 1/2-1/2

[Event "HUN-chT2 Maroczy 1011"]
[Site "Hungary"]
[Date "2010.09.26"]
[Round "2"]
[White "Redey, Balint"]
[Black "Bankos, Henrietta"]
[Result "1-0"]
[WhiteElo "1751"]
[BlackElo "1863"]
[PlyCount "55"]
[EventDate "2010.09.12"]
[EventType "team-tourn"]
[EventRounds "11"]
[EventCountry "HUN"]
[SourceTitle "EXT 2012"]
[Source "ChessBase"]
[SourceDate "2011.11.24"]
[SourceVersion "1"]
[SourceVersionDate "2011.11.24"]
[SourceQuality "1"]
[WhiteTeam "MLTC II"]
[BlackTeam "Oroshaza"]
[WhiteTeamCountry "HUN"]
[BlackTeamCountry "HUN"]

1. e4 e6 2. d4 d5 3. exd5 exd5 4. Nf3 Nf6 5. Be2 Bf5 6. 0-0 Bd6 7. c4 dxc4 8. Bxc4 0-0 9. Qb3 h6 10. Ne5 Bxe5 11. dxe5 Ng4 12. e6 Bxe6 13. Bxe6 Nf6 14. Bf5 Nc6 15. Be3 b6 16. Nc3 Ne7 17. Rad1 Qb8 18. Qc2 c6 19. Bd4 Qf4 20. Bh3 Rfd8 21. g3 Qg5 22. Ne4 Nxe4 23. Qxe4 Nd5 24. Qe5 Qxe5 25. Bxe5 Kf8 26. Bg2 Rac8 27. Rfe1 Ne7 28. Bd6 1-0

[Event "HUN-ch U18 Girls"]
[Site "Miskolc"]
[Date "2004.07.05"]
[Round "1"]
[White "Bankos, Henrietta"]
[Black "Toth, Lili"]
[Result "1/2-1/2"]
[WhiteElo "1894"]
[BlackElo "2208"]
[PlyCount "71"]
[EventDate "2004.07.05"]
[EventType "tourn"]
[EventRounds "7"]
[EventCountry "HUN"]
[SourceTitle "EXT 2008"]
[Source "ChessBase"]
[SourceDate "2007.11.25"]
[SourceVersion "1"]
[SourceVersionDate "2007.11.25"]
[SourceQuality "1"]

1. e4 e6 2. d4 d5 3. e5 c5 4. Qg4 cxd4 5. Bd3 Qa5+ 6. Nd2 Nc6 7. Ngf3 Nge7 8. 0-0 Ng6 9. Re1 Qc7 10. Qg3 Bc5 11. a3 a5 12. h4 h5 13. Bxg6 fxg6 14. Qxg6+ Qf7 15. Qxf7+ Kxf7 16. Ng5+ Ke8 17. Nb3 Bb6 18. Bf4 Rf8 19. g3 Bd7 20. Rad1 a4 21. Nd2 Ne7 22. Ndf3 Nf5 23. Rd3 Rc8 24. Rc1 Rh8 25. b3 Bb5 26. c4 dxc4 27. bxc4 Rxc4 28. Rb1 Rc5 29. Rd2 Kd7 30. Nxd4 Ba5 31. Ndxe6+ Bxd2 32. Nxc5+ Kc6 33. Bxd2 Kxc5 34. e6 Bc6 35. Bc3 Re8 36. Bb4+ 1/2-1/2